000 00565nam a2200193 a 4500
001 BRCA_4831
005 20190320204825.0
008 131010s1993----enka#####c---#000-0#eng-#
041 _aeng
044 _aenk
050 4 _aNK4087
_b.I58 1993
245 1 0 _aThe International Ceramics Fair and Seminar
_b11, 12, 13, 14 June 1993.
260 _aOxford
_bNuffield Press
_c1993
300 _a112 p.
_bil. (algunas a color)
_c25 cm.
500 _aDonación Dr. Héctor Rivero Borrell Vázquez.
650 1 4 _aCerámica
_zLondres
_912239
902 _aDHR
942 _2lcc
_cB
999 _c4526
_d4526